Le comte Robert de Paris / (Record no. 165008)

MARC details
000 -LEADER
campo de control de longitud fija 00977nam a22002655i 4500
001 - NÚMERO DE CONTROL
campo de control 165008
003 - IDENTIFICADOR DE NÚMERO DE CONTROL
campo de control ES-MaACL
005 - FECHA Y HORA DE LA ÚLTIMA TRANSACCIÓN
campo de control 20260629130410.0
008 - DATOS DE LONGITUD FIJA--INFORMACIÓN GENERAL
campo de control de longitud fija 050927m18011900fr a| |||||||| ||fre d
040 ## - FUENTE DE CATALOGACIÓN
Centro catalogador/agencia de origen CAM
Lengua de catalogación spa
Centro/agencia transcriptor CAM
100 1# - ENTRADA PRINCIPAL--NOMBRE DE PERSONA
Nombre de persona Scott, Walter,
Títulos y otros términos asociados al nombre Sir,
Fechas asociadas al nombre 1771-1832
9 (RLIN) 104957
245 13 - MENCIÓN DEL TÍTULO
Título Le comte Robert de Paris /
Mención de responsabilidad, etc. par Walter-Scott; traduction nouvelle de L. Barré.
260 ## - PUBLICACIÓN, DISTRIBUCIÓN, ETC.
Lugar de publicación, distribución, etc. Paris :
Nombre del editor, distribuidor, etc. [s.n.,
Fecha de publicación, distribución, etc. s.a.] (
Fabricante Impr. Lacour et C.)
300 ## - DESCRIPCIÓN FÍSICA
Extensión 72 p. :
Otras características físicas il. ;
Dimensiones 30 cm.
490 1# - MENCIÓN DE SERIE
Mención de serie Les veillées littéraires ;
Designación de volumen o secuencia 9
594 ## - Nota al título y mención de responsabilidad
Nota al título y mención de responsabilidad Tit. y autor tomados de comienzo de texto.
596 ## - NOTA AL PIE DE IMPRENTA
NOTA AL PIE DE IMPRENTA El imp. conta en pie de pag.
596 ## - NOTA AL PIE DE IMPRENTA
NOTA AL PIE DE IMPRENTA El imp. trabaja en el siglo XIX.
597 ## - NOTA DE DESCRIPCIÓN FÍSICA
NOTA DE DESCRIPCIÓN FÍSICA Texto a dos col.
598 ## - NOTA LOCAL
Nota local La serie consta en encabezamiento de pag.
700 1# - ENTRADA AGREGADA--NOMBRE PERSONAL
Nombre de persona Barré, Louis,
Fechas asociadas al nombre 1799-1857
9 (RLIN) 25873
830 0# - PUNTO DE ACCESO ADICIONAL DE SERIE-TÍTULO UNIFORME
Título uniforme Les veillées littéraires ;
Designación de volumen o secuencia 9
9 (RLIN) 222393
852 ## - LOCALIZACIÓN
Ubicación ES-MaACL
Número de control de estantería C-2260(3)
Nota libre -- Enc. hol.
-- -- Legado M. de la Fuente
Holdings
Estatus retirado Estado de pérdida Estado de daño No para préstamo Biblioteca de origen Biblioteca actual Ubicación en estantería Fecha de adquisición Fuente de adquisición Total de préstamos Signatura topográfica completa Código de barras Visto por última vez Precio de reemplazo Tipo de ítem Koha
        Biblioteca del Ateneo de Madrid Biblioteca del Ateneo de Madrid Galería 17/01/2008     C-2260(3) 1172978 23/02/2023 23/02/2023 Libro impreso